| 000 | 00998nam a2200277 i 4500 | ||
|---|---|---|---|
| 003 | EG-GICUC | ||
| 005 | 20260416125845.0 | ||
| 008 | 260416s1990 us ||||fr|||| 000 0 ara d | ||
| 024 | _q1014-5583 | ||
| 040 |
_a EG-GICUC _c EG-GICUC _d EG-GICUC _erda |
||
| 082 | 0 | 4 |
_221 _a341.48 _bآ ل |
| 092 | 0 | 4 | _221 |
| 099 | _aLaw1 11 341.48 آ ل 1990 | ||
| 110 | 2 |
_aالأمم المتحدة _eمؤلف. |
|
| 245 | 1 | 2 |
_aآليات مكافحة التعذيب / _cالأمم المتحدة. _pصحيفة وقائع رقم 11 |
| 264 | 1 |
_aالولايات المتحدة الامريكية : _bالأمم المتحدة، _c1991. |
|
| 300 |
_a46 صفحة : _c24 سم |
||
| 336 |
_2rda content _atext |
||
| 337 |
_2rda media _aComputer |
||
| 338 |
_2rda carrier _aOnline Resource |
||
| 546 | _aالنص باللغة العربية | ||
| 650 | 1 | 4 | _a حقوق الإنسان -- قانون دولي |
| 856 | 4 | 0 | _uhttps://fll.law.cu.edu.eg/fulltext/bks/B11-10064.pdf |
| 905 | _a67 | ||
| 942 |
_2ddc _cBK _e21 _n0 |
||
| 999 |
_c71417 _d71417 |
||